000 00526nam a2200205Ia 4500
008 240509s9999 xx 000 0 und d
020 _a0008120308484
041 _aEng
082 _a004.22
082 _bR12
100 _aRAFIQUZZAMAN, M.
245 0 _aMICROPROCESSORS : THEORY AND APPLICATIONS (INTEL AND MOTOROLA)
250 _aRevised ed.
260 _bNEW DELHI : PRINTICE HALL
260 _c1992
300 _a468 p.
650 _aCOMPUTER ARCHITECTURE : COMPUTER HARDWARE
942 _2ddc
942 _cRBK
999 _c22988
_d22988
945 _a1
_bMadushi Gamage
_c1
_dMadushi Gamage